[Event "Bundesliga 9394"]
[Site "Germany"]
[Date "1994.05.09"]
[Round "15.5"]
[White "Luecke, Norbert"]
[Black "Volke, Karsten"]
[Result "1/2-1/2"]
[WhiteElo "2410"]
[BlackElo "2480"]
[PlyCount "20"]
[EventDate "1993.11.06"]
[EventType "team-tourn"]
[EventRounds "15"]
[EventCountry "GER"]
[SourceTitle "GER-chT"]
[Source "ChessBase"]
[SourceDate "1999.07.01"]
[SourceVersion "1"]
[SourceVersionDate "1999.07.01"]
[SourceQuality "1"]
[WhiteTeam "Bochum"]
[BlackTeam "Berlin Empor"]
[WhiteTeamCountry "GER"]
[BlackTeamCountry "GER"]

1. e4 c5 2. Nf3 e6 3. d4 cxd4 4. Nxd4 Nf6 5. Nc3 d6 6. Be2 Be7 7. 0-0 0-0 8. f4 Nc6 9. Kh1 Bd7 10. Be3 a6 1/2-1/2

[Event "Bundesliga 9394"]
[Site "Germany"]
[Date "1994.04.17"]
[Round "13.6"]
[White "Luecke, Norbert"]
[Black "Movsziszian, Karen"]
[Result "1/2-1/2"]
[WhiteElo "2410"]
[BlackElo "2490"]
[PlyCount "161"]
[EventDate "1993.11.06"]
[EventType "team-tourn"]
[EventRounds "15"]
[EventCountry "GER"]
[SourceTitle "GER-chT"]
[Source "ChessBase"]
[SourceDate "1999.07.01"]
[SourceVersion "1"]
[SourceVersionDate "1999.07.01"]
[SourceQuality "1"]
[WhiteTeam "Bochum"]
[BlackTeam "Hamburger SK"]
[WhiteTeamCountry "GER"]
[BlackTeamCountry "GER"]

1. Nf3 Nf6 2. g3 g6 3. Bg2 Bg7 4. 0-0 0-0 5. d4 d6 6. a4 a5 7. Nbd2 Nbd7 8. e4 e5 9. dxe5 dxe5 10. Qe2 b6 11. Nc4 Ba6 12. b3 Re8 13. Bb2 Qe7 14. Rfe1 Qe6 15. Bf1 Bf8 16. Ng5 Qc6 17. f3 Nh5 18. Qg2 f6 19. Nh3 Bb4 20. Red1 Ng7 21. Na3 Bxf1 22. Qxf1 Ne6 23. Qb5 Qc5+ 24. Nf2 Bxa3 25. Bxa3 Qxb5 26. axb5 Rad8 27. Bb2 Ndc5 28. Ng4 Kf7 29. Ne3 Nb7 30. Nd5 Nd6 31. c4 Rd7 32. Kg2 Nc5 33. Nxc7 Rxc7 34. Rxd6 Nxb3 35. Ra3 Nc5 36. Rxb6 Rd8 37. Bc3 a4 38. Bb4 Nd3 39. Ba5 Nb2 40. Rxf6+ Kxf6 41. Bxc7 Rd2+ 42. Kg1 Rd3 43. Ra2 Rb3 44. b6 a3 45. c5 Nc4 46. Ra1 Ke6 47. c6 Na5 48. b7 Nxc6 49. Rc1 Nd4 50. Rc5 Rxb7 51. Rxe5+ Kf7 52. Ra5 Rxc7 53. Rxa3 Rc2 54. Rd3 Rd2 55. Ra3 Ke6 56. h4 Kd6 57. Ra6+ Kc5 58. Rf6 Kc4 59. e5 Kd5 60. e6 Nxe6 61. Rf7 Nd4 62. Rxh7 Nxf3+ 63. Kf1 Ke4 64. Rf7 Ra2 65. Rf6 Ne5 66. Kg1 Rc2 67. Kf1 Nd3 68. Rxg6 Kf3 69. Rf6+ Kxg3 70. Rf8 Kxh4 71. Rf3 Rd2 72. Rf7 Kg3 73. Rf8 Nf4 74. Ke1 Rd3 75. Rf7 Kf3 76. Rf8 Rd7 77. Rf6 Ke3 78. Rf8 Ng2+ 79. Kf1 Rg7 80. Re8+ Kf3 81. Rf8+ 1/2-1/2

[Event "Bundesliga 9394"]
[Site "Germany"]
[Date "1994.03.20"]
[Round "11.6"]
[White "Reich, Thomas"]
[Black "Luecke, Norbert"]
[Result "1/2-1/2"]
[WhiteElo "2385"]
[BlackElo "2410"]
[PlyCount "128"]
[EventDate "1993.11.06"]
[EventType "team-tourn"]
[EventRounds "15"]
[EventCountry "GER"]
[SourceTitle "GER-chT"]
[Source "ChessBase"]
[SourceDate "1999.07.01"]
[SourceVersion "1"]
[SourceVersionDate "1999.07.01"]
[SourceQuality "1"]
[WhiteTeam "Muenchen 36"]
[BlackTeam "Bochum"]
[WhiteTeamCountry "GER"]
[BlackTeamCountry "GER"]

1. e4 c5 2. c3 e6 3. d4 d5 4. exd5 exd5 5. Nf3 Bd6 6. dxc5 Bxc5 7. Bb5+ Nc6 8. 0-0 Nge7 9. Nbd2 0-0 10. Nb3 Bd6 11. Bg5 Bg4 12. Be2 Qc7 13. Kh1 Rfe8 14. Nfd4 Bxe2 15. Qxe2 Nf5 16. Qd1 Nfxd4 17. Nxd4 Nxd4 18. Qxd4 h6 19. Be3 Bxh2 20. Qxd5 Bf4 21. Qc5 Qxc5 22. Bxc5 Re5 23. Bd4 Rh5+ 24. Kg1 Bh2+ 25. Kh1 Bd6+ 26. Kg1 Bh2+ 27. Kh1 Be5+ 28. Kg1 Bxd4 29. cxd4 Rd8 30. Rfd1 Rhd5 31. Rac1 Rxd4 32. Rxd4 Rxd4 33. Rc8+ Kh7 34. Rc7 Rb4 35. Rxf7 Rxb2 36. a4 a5 37. g3 b6 38. Kg2 Rb4 39. Rb7 Kg6 40. f4 Kf6 41. Kf3 h5 42. Rd7 g5 43. fxg5+ Kxg5 44. Rd5+ Kg6 45. Rd6+ Kg7 46. Rc6 Kf7 47. Rh6 Ke7 48. Rxh5 Kd6 49. g4 Rxa4 50. Rb5 Kc6 51. Rb1 b5 52. g5 Rd4 53. g6 a4 54. g7 Rd8 55. Rg1 Rg8 56. Ke4 a3 57. Kd4 a2 58. Rg6+ Kb7 59. Rg1 Kb6 60. Ra1 Rxg7 61. Rxa2 Rc7 62. Kd3 b4 63. Rc2 Rh7 64. Kc4 Rc7+ 1/2-1/2

[Event "Bundesliga 9394"]
[Site "Germany"]
[Date "1994.02.26"]
[Round "8.6"]
[White "Schaefer, Markus"]
[Black "Luecke, Norbert"]
[Result "1/2-1/2"]
[WhiteElo "2460"]
[BlackElo "2410"]
[PlyCount "54"]
[EventDate "1993.11.06"]
[EventType "team-tourn"]
[EventRounds "15"]
[EventCountry "GER"]
[SourceTitle "GER-chT"]
[Source "ChessBase"]
[SourceDate "1999.07.01"]
[SourceVersion "1"]
[SourceVersionDate "1999.07.01"]
[SourceQuality "1"]
[WhiteTeam "Solingen"]
[BlackTeam "Bochum"]
[WhiteTeamCountry "GER"]
[BlackTeamCountry "GER"]

1. e4 e6 2. d4 d5 3. Nd2 dxe4 4. Nxe4 Nd7 5. g3 Ngf6 6. Nxf6+ Nxf6 7. Bg2 c5 8. Ne2 Be7 9. 0-0 0-0 10. c4 cxd4 11. Qxd4 Qa5 12. Bd2 Qa6 13. Bc3 Bd7 14. b3 Bc6 15. Bxc6 Qxc6 16. Rad1 Rfd8 17. Qf4 h6 18. Nd4 Qe4 19. Qxe4 Nxe4 20. Ba5 Rdc8 21. Rfe1 Nc5 22. Nb5 Kf8 23. Bb4 Rd8 24. Kf1 Nd3 25. Bxe7+ Kxe7 26. Re2 a6 27. Nc3 Nb4 1/2-1/2